000
00237 a2200109 4500
001
155151
040
_c
Escola São Tomás de Aquino
240
1
0
_a
O corpo humano
_l
por
245
1
0
_a
O corpo humano
697
_a
GENERALIDADES
942
_c
BK
999
_c
155151
_d
155151